000 00581nam a2200193Ia 4500
005 20250507130236.0
008 008 250505s9999 xx 000 0 eng d
037 _aSeries Article
040 _aEASL
_beng
_cEASL
041 _aeng
_2eng
084 _qEASL
100 _aMay Shannon
_9669037
245 0 _aBridging divides and breaking homes:young women's lifecycle labour mobility as a family managerial strategy
260 _aUK
_bUK Cambridge Univesity Press UK
_c2010
300 _a899-920
650 _aChina
942 _cSRA
999 _c1318514
_d1318514